The Channel Tunnel story / (Record no. 547157)

000 -LEADER
fixed length control field 00641mam a2200193 a 4500
020 ## - INTERNATIONAL STANDARD BOOK NUMBER
International Standard Book Number 041919620X (pbk)
082 04 - DEWEY DECIMAL CLASSIFICATION NUMBER
Classification number 624.193
Author Mark AND.
-- D.
100 1# - MAIN ENTRY--PERSONAL NAME
Personal name Anderson, Graham,
9 (RLIN) 43330
245 14 - TITLE STATEMENT
Title The Channel Tunnel story /
Statement of responsibility, etc. Graham Anderson and Ben Roskrow.
260 ## - PUBLICATION, DISTRIBUTION, ETC.
Place of publication, distribution, etc. London :
Name of publisher, distributor, etc. E & FN Spon,
Date of publication, distribution, etc. 1994.
300 ## - PHYSICAL DESCRIPTION
Extent xvii, 218 p., [16] p. of plates :
Other physical details ill. (some col.), ports. ;
Dimensions 24 cm.
500 ## - GENERAL NOTE
General note Includes index.
526 ## - STUDY PROGRAM INFORMATION NOTE
Program name 0
Interest level 0
Reading level 0
Title point value 624_193000000000000_AND
650 #0 - SUBJECT ADDED ENTRY--TOPICAL TERM
Topical term or geographic name entry element MCE
9 (RLIN) 379
650 #0 - SUBJECT ADDED ENTRY--TOPICAL TERM
Topical term or geographic name entry element Tunneling
Geographic subdivision English Channel.
9 (RLIN) 43331
650 #0 - SUBJECT ADDED ENTRY--TOPICAL TERM
Topical term or geographic name entry element Tunnels
Geographic subdivision English Channel.
9 (RLIN) 43332
700 1# - ADDED ENTRY--PERSONAL NAME
Personal name Roskrow, Ben.
9 (RLIN) 43333
942 ## - ADDED ENTRY ELEMENTS (KOHA)
Source of classification or shelving scheme
Koha item type Book
Holdings
Withdrawn status Lost status Source of classification or shelving scheme Damaged status Not for loan Permanent Location Current Location Date acquired Total Checkouts Full call number Barcode Date last seen Date last checked out Price effective from Koha item type
          Military College of Engineering (MCE) Military College of Engineering (MCE) 07/03/2014 3 624.193 AND. MCE-43611 09/03/2019 05/02/2019 07/03/2014 Book
© 2023 Central Library, National University of Sciences and Technology. All Rights Reserved.